000 00396cam a22001217a 4500
008 180718b1986 xxu||||| |||| 00| 0 eng d
082 _aU6x54 Si64p
100 _aSingh, V.S.
245 _aPublic enterprise in India: financial policy and performance of government companies
_cby V.S. Singh
260 _aNew Delhi
_bDeep and Deep
_c1986
300 _a255p.
650 _aGovernment enterprise - India
999 _c353557
_d353557